000 00408nam a2200145Ia 4500
008 100122s9999 xx 000 0 und d
082 _b56343
_a920.554
100 _aखाडिलकर नीलकंठ
245 _aटॉवर्स
260 _bपरचुरे प्रक ाशन
_c1999
300 _a275
630 _aटॉवर्स
730 _aटॉवर्स
942 _cBOOK
999 _c432802
_d432799